LEADER 01254nam 2200337 n 450 001 996385746903316 005 20200824121608.0 035 $a(CKB)4940000000071526 035 $a(EEBO)2240873251 035 $a(UnM)99839951e 035 $a(UnM)99839951 035 $a(EXLCZ)994940000000071526 100 $a19910122d1606 uy | 101 0 $alat 135 $aurbn||||a|bb| 200 00$aQuinti Horatii Flacci Poemata$b[electronic resource] $escholijs siue annotationibus, quę breuis commentarij vice esse possint a? Ioanne Bond illustrata 210 $aLondini $cExcudebat [R. Field for] Iohannes Norton, serenissimę Regi[a]e Maiestati in Latinis, Gręcis, & Hebraicis typographus$d1606 215 $a[12], 313, [1] p 300 $aA variant of the 1606 edition with George Bishop's name in the imprint, printed by R. Field (STC). 300 $aReproduction of the original in the Henry E. Huntington Library and Art Gallery. 330 $aeebo-0113 700 $aHorace$075513 701 $aBond$b John$f1550-1612.$021212 801 0$bCu-RivES 801 1$bCu-RivES 801 2$bCStRLIN 801 2$bWaOLN 906 $aBOOK 912 $a996385746903316 996 $aQuinti Horatii Flacci Poemata$92425057 997 $aUNISA LEADER 01853nam0 22003493i 450 001 MIL0120914 005 20231121125535.0 020 $aIT$b82809 100 $a20090409d1980 ||||0itac50 ba 101 | $aita 102 $ait 181 1$6z01$ai $bxxxe 182 1$6z01$an 200 1 $a˜La œtipologia femminile nella biografia e nell'autobiografia cristiana del 4. secolo$fdi Elena Giannarelli 210 $aRoma$cnella sede dell'Istituto$d1980 215 $a102 p.$d26 cm 225 | $aStudi storici$fIstituto storico italiano per il Medio Evo$v127 300 $aIn testa al front.: Istituto storico italiano per il Medio Evo. 410 0$1001CFI0001752$12001 $aStudi storici$fIstituto storico italiano per il Medio Evo$v127$171202$aIstituto storico italiano per il Medio Evo$3CFIV017158 606 $aLetteratura cristiana antica$xTemi [:] Donna$2FIR$3RMLC435754$9N 676 $a809.933522$9Storia. descrizione, studi critici di pił di due letterature. Soggetti specifici. Donne.$v22 700 1$aGiannarelli$b, Elena$3CFIV083725$4070$0154810 801 3$aIT$bIT-01$c20090409 850 $aIT-FR0084 $aIT-RM0151 $aIT-FR0017 899 $aBiblioteca Del Monumento Nazionale Di Montecassino$bFR0084 899 $aBiblioteca Istituto Storico Italiano Medio Evo - I$bRM0151 899 $aBiblioteca umanistica Giorgio Aprea$bFR0017 $eN 912 $aMIL0120914 950 0$aBiblioteca umanistica Giorgio Aprea$d 52MAG 3 COLL P 39$e 52MAG0000160745 VMB RS $fA $h20170306$i20170306$d 52DFA COLL H 127$e 52FLS0000333895 VMB RS $fC $h20170306$i20170306 977 $a 25$a 41$a 52 996 $aTipologia femminile nella biografia e nell'autobiografia cristiana del 4. secolo$9132118 997 $aUNICAS